000 00564nam a2200169Ia 4500
003 GCL
008 140319s9999 xx 000 0 ara d
040 _aGCL /
_cGCL
082 0 4 _a210
_bع م
100 1 _aعباس محمود العقاد
245 1 0 _aعثمان بن عفان: ذوالنورين /
_cعباس محمود العقاد
300 _a183 ص
490 _aموسوعة عباس محمود العقاد الاسلامية
_v0
650 0 4 _aعثمان بن عفان
650 0 4 _aالاسلام - تاريخ - عصر النبوة
942 _2ddc
_cBK
999 _c51711
_d51711